Welcome to CU Library Online Public Access Catalogue (OPAC)

A Beginners Guide to Python 3 Programming (Record no. 8488)

MARC details
000 -LEADER
fixed length control field 00449nam a22001577a 4500
005 - DATE AND TIME OF LATEST TRANSACTION
control field 20251202153225.0
008 - FIXED-LENGTH DATA ELEMENTS--GENERAL INFORMATION
fixed length control field 251202b |||||||| |||| 00| 0 eng d
020 ## - INTERNATIONAL STANDARD BOOK NUMBER
International Standard Book Number 9783031351211
050 ## - LIBRARY OF CONGRESS CALL NUMBER
Classification number Q76.8
Item number .H86
100 ## - MAIN ENTRY--PERSONAL NAME
Personal name Hunt, John
245 ## - TITLE STATEMENT
Title A Beginners Guide to Python 3 Programming
Statement of responsibility, etc. John Hunt
250 ## - EDITION STATEMENT
Edition statement 2nd ed.
260 ## - PUBLICATION, DISTRIBUTION, ETC.
Place of publication, distribution, etc. Switzerland
Name of publisher, distributor, etc. Springer
Date of publication, distribution, etc. 2023
300 ## - PHYSICAL DESCRIPTION
Extent xxviii. 527p.
Other physical details ill. some color
Dimensions 23.5cm
942 ## - ADDED ENTRY ELEMENTS (KOHA)
Source of classification or shelving scheme Library of Congress Classification
Koha item type Books
Edition 2nd ed.
Suppress in OPAC No
999 ## -
-- 8488
-- 8488
Holdings
Withdrawn status Lost status Source of classification or shelving scheme Damaged status Not for loan Collection Home library Current library Shelving location Date acquired Total checkouts Full call number Barcode Date last seen Copy number Price effective from Koha item type
    Library of Congress Classification     Non-fiction Science Library (Miotso) Science Library (Miotso) General stacks 12/02/2025   Q76.8 .H86 HUN SLM00006521 12/02/2025 1 12/02/2025 Books
© 2023-2024 Copyright: Central University Libraries. All Rights Reserved | Created by: Mahone Tech Office